000 00504nam a2200181Ia 4500
001 11403
005 20260306162825.0
008 260306t2017||||xx |||||||||||||| ||spa||
041 _aESP
082 _a985.05
_bM52
100 _aMc Evoy, Carmen,
_eAUT
245 0 _aLa utopía republicana :
_bIdeales y realidades en la formación de la cultura política peruana (1871 - 1919)
260 _c2017
300 _a409 páginas :
_c24 cm.
650 _aGEN
654 _aCHU
942 _cLIB
_dJUS
_fJUS
_2ddc
_n
999 _c11403
_d11403